Essentials of biochemistry. (Record no. 163811)
[ view plain ]
| 000 -LEADER | |
|---|---|
| fixed length control field | 00472nam a2200205Ia 4500 |
| 003 - CONTROL NUMBER IDENTIFIER | |
| control field | OSt |
| 005 - DATE AND TIME OF LATEST TRANSACTION | |
| control field | 20230613114448.0 |
| 008 - FIXED-LENGTH DATA ELEMENTS--GENERAL INFORMATION | |
| fixed length control field | 210423s2008 xx 000 0 und d |
| 020 ## - INTERNATIONAL STANDARD BOOK NUMBER | |
| International Standard Book Number | 9788179102558 |
| 040 ## - CATALOGING SOURCE | |
| Transcribing agency | AL |
| 041 ## - LANGUAGE CODE | |
| Language code of text/sound track or separate title | eng |
| 082 ## - DEWEY DECIMAL CLASSIFICATION NUMBER | |
| Classification number | 574.192 |
| Edition number | 23 |
| Item number | KHAN |
| 100 ## - MAIN ENTRY--PERSONAL NAME | |
| Personal name | KHALSA (Nisha). |
| 9 (RLIN) | 99880 |
| 245 ## - TITLE STATEMENT | |
| Title | Essentials of biochemistry. |
| 260 ## - PUBLICATION, DISTRIBUTION, ETC. | |
| Date of publication, distribution, etc. | 2008 |
| 300 ## - PHYSICAL DESCRIPTION | |
| Extent | xx,596 |
| 365 ## - TRADE PRICE | |
| Currency code | INR |
| 906 ## - LOCAL DATA ELEMENT F, LDF (RLIN) | |
| a | biochemistry ; Essentials |
| 942 ## - ADDED ENTRY ELEMENTS (KOHA) | |
| Source of classification or shelving scheme | Dewey Decimal Classification |
| Koha item type | Book |
| Withdrawn status | Lost status | Damaged status | Not for loan | Collection code | Home library | Current library | Date acquired | Total Checkouts | Full call number | Barcode | Date last seen | Price effective from | Koha item type |
|---|---|---|---|---|---|---|---|---|---|---|---|---|---|
| Bio Chemistry | St Aloysius PG Library | St Aloysius PG Library | 11/14/2008 | 574.192 KHAN | PG010308 | 08/24/2022 | 04/26/2021 | Book | |||||
| Bio Chemistry | St Aloysius PG Library | St Aloysius PG Library | 11/14/2008 | 574.192 KHAN | PG010309 | 08/24/2022 | 04/26/2021 | Book | |||||
| Bio Chemistry | St Aloysius PG Library | St Aloysius PG Library | 11/14/2008 | 574.192 KHAN | PG010310 | 08/24/2022 | 04/26/2021 | Book | |||||
| Bio Chemistry | St Aloysius PG Library | St Aloysius PG Library | 11/14/2008 | 574.192 KHAN | PG010311 | 08/24/2022 | 04/26/2021 | Book | |||||
| Bio Chemistry | St Aloysius PG Library | St Aloysius PG Library | 11/14/2008 | 574.192 KHAN | PG010312 | 08/24/2022 | 04/26/2021 | Book |